000 00725pam a2200265 a 4500
999 _c5622
_d5622
001 5622
003 BD-JhCC
005 20171219085525.0
008 860108s1986 mau 000 0 eng
020 _a0316773662
035 _a(BD-JhCC)5622
040 _aDLC
_cDLC
_dDLC
041 _aeng
050 0 0 _aHD59
_b.S33 1986
082 0 0 _a659.2
_219
_bSCH 1986
100 1 _aSchmertz, Herbert,
_d1930-
245 1 0 _aGood-bye to the low profile :
_bthe art of creative confrontation /
_cHerb Schmertz with William Novak.
250 _a1st ed.
260 _aBoston :
_bLittle, Brown,
_cc1986.
300 _a242 p. ;
_c22 cm.
650 0 _aPublic relations.
700 1 _aNovak, William.
942 _2ddc
_cBK